000
00326nam a2200109Ia 4500
008
200302s9999 xx 000 0 und d
100
_a
R K Panchuri
245
_a
Dealing with Climate Change Setting A Global Agenda For Mitigation And adaption
260
_b
The Energy and Resources Institute
260
_c
2016
300
_a
238 P
999
_c
4265
_d
4265